000 00575nam a22002057a 4500
003 Ost
005 20250325182748.0
008 250325b |||||||| |||| 00| 0 eng d
020 _a9781107696297
040 _cBT-PhCST
050 _a25339
082 _222
_a552.4
_bFRO
100 _aFrost, B. Ronald
245 _aEssentials of igneous and metamorphic petrology :
260 _a New York :
_bCambridge University Press,
_cc2014.
300 _aix, 303 p. :
_bill. ;
_c27 cm.
500 _aIncludes references and index
700 _aFrost, Carol D.
942 _2ddc
_cGEOLOGY
999 _c9948
_d9948